AFC Champions - Statistics

General Stats
  • This quiz has been taken 129 times
    22 since last reset
  • The average score is 45 of 66
Answer Stats
Season Team % Correct
2018 New England Patriots
100%
2017 New England Patriots
100%
2016 New England Patriots
100%
2014 New England Patriots
100%
2021 Cincinnati Bengals
94%
2015 Denver Broncos
94%
2024 Kansas City Chiefs
94%
2023 Kansas City Chiefs
94%
2022 Kansas City Chiefs
94%
2020 Kansas City Chiefs
94%
2019 Kansas City Chiefs
94%
2025 New England Patriots
94%
2011 New England Patriots
94%
2007 New England Patriots
94%
2012 Baltimore Ravens
88%
2004 New England Patriots
88%
2003 New England Patriots
88%
2013 Denver Broncos
82%
2009 Indianapolis Colts
82%
2006 Indianapolis Colts
82%
2001 New England Patriots
82%
2010 Pittsburgh Steelers
82%
2008 Pittsburgh Steelers
82%
2005 Pittsburgh Steelers
82%
2000 Baltimore Ravens
76%
1988 Cincinnati Bengals
71%
1998 Denver Broncos
71%
1997 Denver Broncos
71%
1989 Denver Broncos
71%
1996 New England Patriots
71%
1968 New York Jets
71%
1995 Pittsburgh Steelers
71%
1993 Buffalo Bills
65%
1992 Buffalo Bills
65%
1991 Buffalo Bills
65%
1990 Buffalo Bills
65%
1987 Denver Broncos
65%
1966 Kansas City Chiefs
65%
2002 Oakland Raiders
65%
1999 Tennessee Titans
65%
1970 Baltimore Colts
59%
1986 Denver Broncos
59%
1984 Miami Dolphins
59%
1983 Oakland Raiders
59%
1980 Oakland Raiders
59%
1979 Pittsburgh Steelers
59%
1978 Pittsburgh Steelers
59%
1975 Pittsburgh Steelers
59%
1974 Pittsburgh Steelers
59%
1994 San Diego Chargers
59%
1981 Cincinnati Bengals
53%
1969 Kansas City Chiefs
53%
1982 Miami Dolphins
53%
1985 New England Patriots
53%
1967 Oakland Raiders
53%
1977 Denver Broncos
47%
1973 Miami Dolphins
47%
1972 Miami Dolphins
47%
1971 Miami Dolphins
47%
1976 Oakland Raiders
47%
1962 Dallas Texans
41%
1965 Buffalo Bills
29%
1964 Buffalo Bills
29%
1961 Housten Oilers
24%
1960 Housten Oilers
24%
1963 San Diego Chargers
24%
No matching quizzes found
Score Distribution
Percent of People with Each Score
Percentile by Number Answered
Your Score History
You have not taken this quiz since the last reset